Partial differential equations for scientists and engineers
Αποθηκεύτηκε σε:
| Κύριος συγγραφέας: | |
|---|---|
| Μορφή: | Βιβλίο |
| Γλώσσα: | English |
| Δημοσίευση: |
New York :
John Wiley & Sons,
c1982
|
| Θέματα: | |
| Ετικέτες: |
Προσθήκη ετικέτας
Δεν υπάρχουν, Καταχωρήστε ετικέτα πρώτοι!
|
MARC
| LEADER | 00000cam a2200000 i 4500 | ||
|---|---|---|---|
| 001 | 1/46591 | ||
| 008 | 960305s1982 eng d | ||
| 020 | |a 0-471-08639-8 | ||
| 035 | |l 10042837 | ||
| 040 | |a GR-MY-UA |b gre |e aacr | ||
| 041 | 0 | |a eng | |
| 082 | 0 | |a 515.353 | |
| 100 | 1 | |a Farlow, Stanley J. |d 1937- | |
| 245 | 1 | 0 | |a Partial differential equations for scientists and engineers / |c Stanley J. F. |
| 260 | |a New York : |b John Wiley & Sons, |c c1982 | ||
| 300 | |a ix, 402 p.; |c 25 cm. | ||
| 500 | |a Illustrations on lining papers | ||
| 504 | |a Includes bibliographical references and index | ||
| 650 | 0 | 0 | |a Differential equations, Partial. |
| 852 | |a INST |b CHIOS |e 19960305 |h 515.353 FAR |p 005200000746 |q 005200000746 |t BK |y 0 | ||
| 852 | |a INST |b SAMOS |e 19980617 |h 515.353 FAR |p 005300011285 |q 005300011285 |t BK |y 0 | ||
| 852 | |a INST |b SAMOS |e 19980617 |h 515.353 FAR |p 005300011286 |q 005300011286 |t BK |y 0 | ||
| 901 | |a BIBL-1998-1 | ||
| 909 | |a Σ |b 056671 | ||
| 909 | |a Σ |b 056670 | ||
| 909 | |a Χ |b 003895 | ||
| 922 | |a 3ΕΛΗ |b 199805 |c ΚΠΣ |d ΠΑΠΑΣΩΤΗΡΙΟΥ | ||